Telling tales / (Record no. 580)

000 -LEADER
fixed length control field 01149cam a2200277 a 4500
001 - CONTROL NUMBER
control field 13561196
003 - CONTROL NUMBER IDENTIFIER
control field OSt
005 - DATE AND TIME OF LATEST TRANSACTION
control field 20140116120832.0
008 - FIXED-LENGTH DATA ELEMENTS--GENERAL INFORMATION
fixed length control field 040416s2004 nyu 000 0 eng
010 ## - LIBRARY OF CONGRESS CONTROL NUMBER
LC control number 2004040124
020 ## - INTERNATIONAL STANDARD BOOK NUMBER
International Standard Book Number 9780747574309
040 ## - CATALOGING SOURCE
Transcribing agency DLC
Modifying agency DLC
050 00 - LIBRARY OF CONGRESS CALL NUMBER
Classification number PN6014.T45 2004
245 00 - TITLE STATEMENT
Title Telling tales /
Statement of responsibility, etc Nadine Gordimer, editor .
260 ## - PUBLICATION, DISTRIBUTION, ETC. (IMPRINT)
Place of publication, distribution, etc London :
Name of publisher, distributor, etc Bloomsbury Publishing,
Date of publication, distribution, etc 2004.
300 ## - PHYSICAL DESCRIPTION
Extent x, 303 p.
504 ## - BIBLIOGRAPHY, ETC. NOTE
Bibliography, etc Includes bibliographical references.
650 #0 - SUBJECT ADDED ENTRY--TOPICAL TERM
Topical term or geographic name as entry element Fiction
Form subdivision Collections.
700 1# - ADDED ENTRY--PERSONAL NAME
Personal name Gordimer, Nadine.
856 42 - ELECTRONIC LOCATION AND ACCESS
Materials specified Contributor biographical information
Uniform Resource Identifier <a href="http://www.loc.gov/catdir/enhancements/fy0617/2004040124-b.html">http://www.loc.gov/catdir/enhancements/fy0617/2004040124-b.html</a>
856 42 - ELECTRONIC LOCATION AND ACCESS
Materials specified Publisher description
Uniform Resource Identifier <a href="http://www.loc.gov/catdir/enhancements/fy0617/2004040124-d.html">http://www.loc.gov/catdir/enhancements/fy0617/2004040124-d.html</a>
856 41 - ELECTRONIC LOCATION AND ACCESS
Materials specified Table of contents only
Uniform Resource Identifier <a href="http://www.loc.gov/catdir/enhancements/fy0617/2004040124-t.html">http://www.loc.gov/catdir/enhancements/fy0617/2004040124-t.html</a>
906 ## - LOCAL DATA ELEMENT F, LDF (RLIN)
a 7
b cbc
c orignew
d 1
e ocip
f 20
g y-gencatlg
942 ## - ADDED ENTRY ELEMENTS (KOHA)
Source of classification or shelving scheme
Koha item type Book
Holdings
Withdrawn status Lost status Source of classification or shelving scheme Damaged status Not for loan Home library Current library Date acquired Source of acquisition Total Checkouts Total Renewals Full call number Barcode Date last seen Date checked out Copy number Price effective from Koha item type
          Riara University Library Riara University Library 24/10/2011 Purchase 5 2 PN6014.T45 2004 1585/11 01/11/2021 25/10/2021 C.1 24/10/2011 Book
          Riara University Library Riara University Library 24/10/2011 Purchase 5   PN6014.T45 2004 1586/11 17/10/2017 19/09/2017 C.2 24/10/2011 Book
          Riara University Library Riara University Library 24/10/2011 Purchase 7   PN6014.T45 2004 1587/11 11/09/2025 05/09/2025 C.3 24/10/2011 Book

Riara University Library,
P.O. Box 49940-00100,
Nairobi, Kenya.